[Event "European Women's Chess Club Cup 2023"]
[Site "Durres, Albania"]
[Date "2023.10.01"]
[Round "1.23"]
[White "Agrest, Svetlana"]
[Black "Unuk, Laura"]
[Result "0-1"]
[TimeControl "90' + 30' & 30\""]
[WhiteElo "2230"]
[BlackElo "2313"]

1. e4 {[%clk 01:30:32]} {[%emt 00:00:27]} c6 {[%clk 01:30:47]} {[%emt
00:00:13]} 2. d4 {[%clk 01:30:47]} {[%emt 00:00:16]} d5 {[%clk 01:31:10]}
{[%emt 00:00:07]} 3. exd5 {[%clk 01:31:02]} {[%emt 00:00:15]} cxd5 {[%clk
01:31:20]} {[%emt 00:00:20]} 4. Bd3 {[%clk 01:31:22]} {[%emt 00:00:09]} Nf6
{[%clk 01:31:38]} {[%emt 00:00:12]} 5. h3 {[%clk 01:31:24]} {[%emt 00:00:28]}
g6 {[%clk 01:31:20]} {[%emt 00:00:49]} 6. Nf3 {[%clk 01:29:31]} {[%emt
00:02:22]} Nc6 {[%clk 01:30:03]} {[%emt 00:01:47]} 7. c3 {[%clk 01:29:54]}
{[%emt 00:00:08]} Bf5 {[%clk 01:30:15]} {[%emt 00:00:18]} 8. Be2 {[%clk
01:27:53]} {[%emt 00:02:31]} Qc7 {[%clk 01:28:41]} {[%emt 00:02:04]} 9. O-O
{[%clk 01:25:39]} {[%emt 00:02:44]} Bg7 {[%clk 01:22:26]} {[%emt 00:06:44]} 10.
Be3 {[%clk 01:24:37]} {[%emt 00:01:33]} O-O {[%clk 01:19:15]} {[%emt 00:03:41]}
11. Qc1 {[%clk 01:23:39]} {[%emt 00:01:28]} Rac8 {[%clk 01:15:59]} {[%emt
00:03:45]} 12. Bf4 {[%clk 01:13:20]} {[%emt 00:10:49]} Qb6 {[%clk 01:15:09]}
{[%emt 00:01:20]} 13. Nbd2 {[%clk 01:13:11]} {[%emt 00:00:39]} Ne4 {[%clk
01:10:11]} {[%emt 00:05:29]} 14. Nb3 {[%clk 01:04:09]} {[%emt 00:09:37]} a5
{[%clk 01:04:13]} {[%emt 00:06:23]} 15. Be3 {[%clk 00:57:33]} {[%emt 00:07:04]}
a4 {[%clk 00:49:43]} {[%emt 00:15:02]} 16. Nc5 {[%clk 00:57:15]} {[%emt
00:00:48]} Nxc5 {[%clk 00:48:18]} {[%emt 00:01:55]} 17. dxc5 {[%clk 00:57:38]}
{[%emt 00:00:07]} Qa5 {[%clk 00:47:45]} {[%emt 00:01:03]} 18. b4 {[%clk
00:41:45]} {[%emt 00:16:23]} axb3 {[%clk 00:47:30]} {[%emt 00:00:45]} 19. axb3
{[%clk 00:38:22]} {[%emt 00:03:53]} Qxc3 {[%clk 00:47:36]} {[%emt 00:00:24]} 20.
Qxc3 {[%clk 00:35:15]} {[%emt 00:03:37]} Bxc3 {[%clk 00:47:59]} {[%emt
00:00:07]} 21. Rad1 {[%clk 00:35:06]} {[%emt 00:00:39]} Rfd8 {[%clk 00:44:53]}
{[%emt 00:03:36]} 22. g4 {[%clk 00:33:04]} {[%emt 00:02:32]} Be4 {[%clk
00:41:43]} {[%emt 00:03:39]} 23. Nd4 {[%clk 00:25:21]} {[%emt 00:08:14]} Bxd4
{[%clk 00:39:16]} {[%emt 00:02:57]} 24. Bxd4 {[%clk 00:24:31]} {[%emt
00:01:19]} Bc2 {[%clk 00:39:12]} {[%emt 00:00:34]} 25. Rd2 {[%clk 00:24:39]}
{[%emt 00:00:23]} Nxd4 {[%clk 00:35:03]} {[%emt 00:04:38]} 26. Rxd4 {[%clk
00:24:51]} {[%emt 00:00:18]} Rxc5 {[%clk 00:34:44]} {[%emt 00:00:49]} 27. Rc1
{[%clk 00:23:41]} {[%emt 00:01:40]} Rcc8 {[%clk 00:17:12]} {[%emt 00:18:02]} 28.
Rb4 {[%clk 00:17:27]} {[%emt 00:06:44]} d4 {[%clk 00:08:25]} {[%emt 00:09:17]}
29. Rxb7 {[%clk 00:16:03]} {[%emt 00:01:55]} e6 {[%clk 00:08:34]} {[%emt
00:00:20]} 30. f3 {[%clk 00:13:33]} {[%emt 00:03:01]} Rc3 {[%clk 00:07:22]}
{[%emt 00:01:43]} 31. b4 {[%clk 00:13:30]} {[%emt 00:00:32]} Be4 {[%clk
00:04:26]} {[%emt 00:03:26]} 32. Rc7 {[%clk 00:10:55]} {[%emt 00:03:05]} Re3
{[%clk 00:02:17]} {[%emt 00:02:39]} 33. Kf2 {[%clk 00:10:05]} {[%emt 00:01:20]}
Bd5 {[%clk 00:02:36]} {[%emt 00:00:11]} 34. b5 {[%clk 00:06:57]} {[%emt
00:03:38]} Rb3 {[%clk 00:02:35]} {[%emt 00:00:31]} 35. Rd1 {[%clk 00:05:30]}
{[%emt 00:01:57]} Ra8 {[%clk 00:01:24]} {[%emt 00:01:41]} 36. Rxd4 {[%clk
00:03:57]} {[%emt 00:02:02]} Ra2 {[%clk 00:01:53]} {[%emt 00:00:02]} 37. Rf4
{[%clk 00:02:51]} {[%emt 00:01:36]} e5 {[%clk 00:01:37]} {[%emt 00:00:47]} 38.
Rf6 {[%clk 00:03:08]} {[%emt 00:00:12]} Rbb2 {[%clk 00:01:43]} {[%emt
00:00:24]} 39. g5 {[%clk 00:01:25]} {[%emt 00:02:13]} Rxe2+ {[%clk 00:02:06]}
{[%emt 00:00:07]} 0-1

[Event "European Women's Chess Club Cup 2023"]
[Site "Durres, Albania"]
[Date "2023.10.01"]
[Round "1.24"]
[White "Urh, Zala"]
[Black "Johansson, Eva"]
[Result "1-0"]
[TimeControl "90' + 30' & 30\""]
[WhiteElo "2216"]
[BlackElo "1805"]

1. e4 {[%clk 01:30:57]} {[%emt 00:00:04]} d6 {[%clk 01:30:28]} {[%emt
00:00:30]} 2. d4 {[%clk 01:31:14]} {[%emt 00:00:14]} Nf6 {[%clk 01:30:16]}
{[%emt 00:00:42]} 3. Nc3 {[%clk 01:31:20]} {[%emt 00:00:23]} e5 {[%clk
01:28:55]} {[%emt 00:01:51]} 4. Nf3 {[%clk 01:27:37]} {[%emt 00:04:14]} Nbd7
{[%clk 01:28:08]} {[%emt 00:01:16]} 5. Bc4 {[%clk 01:23:31]} {[%emt 00:04:37]}
Be7 {[%clk 01:26:46]} {[%emt 00:01:51]} 6. O-O {[%clk 01:23:08]} {[%emt
00:00:55]} O-O {[%clk 01:26:17]} {[%emt 00:00:57]} 7. a4 {[%clk 01:17:28]}
{[%emt 00:06:10]} a5 {[%clk 01:21:50]} {[%emt 00:04:58]} 8. h3 {[%clk
01:14:49]} {[%emt 00:03:10]} c6 {[%clk 01:17:17]} {[%emt 00:05:02]} 9. Be3
{[%clk 01:08:09]} {[%emt 00:07:10]} Qc7 {[%clk 01:13:35]} {[%emt 00:04:11]} 10.
Bb3 {[%clk 01:05:01]} {[%emt 00:03:38]} b6 {[%clk 01:07:33]} {[%emt 00:06:36]}
11. Re1 {[%clk 01:00:41]} {[%emt 00:04:47]} Bb7 {[%clk 01:04:40]} {[%emt
00:03:23]} 12. Nh2 {[%clk 00:55:32]} {[%emt 00:05:39]} Rad8 {[%clk 00:58:16]}
{[%emt 00:06:53]} 13. Nf1 {[%clk 00:53:35]} {[%emt 00:02:28]} exd4 {[%clk
00:51:00]} {[%emt 00:07:46]} 14. Bxd4 {[%clk 00:52:01]} {[%emt 00:02:04]} Ne5
{[%clk 00:50:59]} {[%emt 00:00:29]} 15. Ng3 {[%clk 00:46:12]} {[%emt 00:06:21]}
Bc8 {[%clk 00:49:32]} {[%emt 00:01:56]} 16. f4 {[%clk 00:43:56]} {[%emt
00:02:46]} Ng6 {[%clk 00:45:42]} {[%emt 00:04:21]} 17. Qf3 {[%clk 00:43:16]}
{[%emt 00:01:10]} Rfe8 {[%clk 00:38:43]} {[%emt 00:07:28]} 18. Rad1 {[%clk
00:39:37]} {[%emt 00:04:09]} Be6 {[%clk 00:33:18]} {[%emt 00:05:55]} 19. Qf2
{[%clk 00:31:34]} {[%emt 00:08:34]} Rb8 {[%clk 00:28:30]} {[%emt 00:05:16]} 20.
Kh1 {[%clk 00:24:44]} {[%emt 00:07:22]} Bxb3 {[%clk 00:24:01]} {[%emt
00:04:59]} 21. cxb3 {[%clk 00:25:09]} {[%emt 00:00:05]} Nd7 {[%clk 00:23:05]}
{[%emt 00:01:24]} 22. Nf5 {[%clk 00:21:27]} {[%emt 00:04:14]} Bf8 {[%clk
00:23:24]} {[%emt 00:00:11]} 23. h4 {[%clk 00:19:00]} {[%emt 00:02:57]} Nc5
{[%clk 00:17:02]} {[%emt 00:06:51]} 24. h5 {[%clk 00:17:37]} {[%emt 00:01:54]}
Nh8 {[%clk 00:17:19]} {[%emt 00:00:12]} 25. Qg3 {[%clk 00:13:26]} {[%emt
00:04:42]} g6 {[%clk 00:17:13]} {[%emt 00:00:35]} 26. Re3 {[%clk 00:08:57]}
{[%emt 00:05:00]} Ne6 {[%clk 00:13:26]} {[%emt 00:04:16]} 27. Bf6 {[%clk
00:09:03]} {[%emt 00:00:24]} Bg7 {[%clk 00:10:12]} {[%emt 00:03:34]} 28. Bxg7
{[%clk 00:06:50]} {[%emt 00:02:53]} Nxg7 {[%clk 00:10:35]} {[%emt 00:00:07]} 29.
Nxd6 {[%clk 00:07:13]} {[%emt 00:00:08]} Nxh5 {[%clk 00:09:44]} {[%emt
00:01:20]} 30. Qf3 {[%clk 00:07:04]} {[%emt 00:00:39]} Red8 {[%clk 00:08:01]}
{[%emt 00:02:13]} 31. e5 {[%clk 00:07:08]} {[%emt 00:00:26]} Qe7 {[%clk
00:07:24]} {[%emt 00:01:07]} 32. g4 {[%clk 00:06:11]} {[%emt 00:01:28]} Ng7
{[%clk 00:06:31]} {[%emt 00:01:22]} 33. Nce4 {[%clk 00:05:18]} {[%emt
00:01:23]} Ne6 {[%clk 00:05:30]} {[%emt 00:01:31]} 34. Nf6+ {[%clk 00:04:53]}
{[%emt 00:00:55]} Kg7 {[%clk 00:05:13]} {[%emt 00:00:45]} 35. g5 {[%clk
00:04:39]} {[%emt 00:00:46]} 1-0

[Event "European Women's Chess Club Cup 2023"]
[Site "Durres, Albania"]
[Date "2023.10.01"]
[Round "1.25"]
[White "Danielian, Elina"]
[Black "Spalir, Monika"]
[Result "1-0"]
[TimeControl "90' + 30' & 30\""]
[WhiteElo "2416"]
[BlackElo "2120"]

1. Nf3 {[%clk 01:30:57]} d5 {[%clk 01:30:54]} {[%emt 00:00:09]} 2. g3 {[%clk
01:31:17]} Nf6 {[%clk 01:31:19]} {[%emt 00:00:14]} 3. Bg2 {[%clk 01:31:42]} c6
{[%clk 01:31:18]} {[%emt 00:00:36]} 4. O-O {[%clk 01:31:49]} Bg4 {[%clk
01:31:45]} {[%emt 00:00:27]} 5. c4 {[%clk 01:31:53]} Nbd7 {[%clk 01:31:52]}
{[%emt 00:00:48]} 6. d3 {[%clk 01:27:03]} e5 {[%clk 01:30:02]} {[%emt
00:07:40]} 7. cxd5 {[%clk 01:27:22]} Nxd5 {[%clk 01:29:47]} {[%emt 00:00:55]} 8.
b3 {[%clk 01:21:18]} Bd6 {[%clk 01:28:58]} {[%emt 00:07:54]} 9. Nbd2 {[%clk
01:19:25]} O-O {[%clk 01:21:04]} {[%emt 00:10:46]} 10. Bb2 {[%clk 01:17:15]}
Re8 {[%clk 01:20:12]} {[%emt 00:04:03]} 11. h3 {[%clk 01:17:05]} Bh5 {[%clk
01:20:12]} 12. Rc1 {[%clk 01:17:05]} a5 {[%clk 01:20:12]} 13. a3 {[%clk
01:17:05]} Re6 {[%clk 01:10:12]} {[%emt 00:15:16]} 14. Qc2 {[%clk 01:10:48]}
Qe7 {[%clk 01:06:00]} {[%emt 00:09:23]} 15. Nc4 {[%clk 01:09:43]} Bc7 {[%clk
01:05:56]} {[%emt 00:02:09]} 16. e4 {[%clk 00:57:20]} N5b6 {[%clk 00:59:29]}
{[%emt 00:19:50]} 17. Ne3 {[%clk 00:57:40]} Bxf3 {[%clk 00:59:29]} 18. Bxf3
{[%clk 00:57:40]} Nf6 {[%clk 00:48:49]} {[%emt 00:11:54]} 19. Nf5 {[%clk
00:46:37]} Qf8 {[%clk 00:48:49]} 20. d4 {[%clk 00:46:37]} g6 {[%clk 00:48:49]}
21. d5 {[%clk 00:46:37]} cxd5 {[%clk 00:48:49]} 22. Qxc7 {[%clk 00:46:37]} dxe4
{[%clk 00:27:06]} {[%emt 00:43:06]} 23. Bg4 {[%clk 00:38:43]} {[%emt 00:02:28]}
Nbd5 {[%clk 00:23:57]} {[%emt 00:03:41]} 24. Qc2 {[%clk 00:38:45]} {[%emt
00:00:27]} gxf5 {[%clk 00:18:56]} {[%emt 00:05:31]} 25. Bxf5 {[%clk 00:39:11]}
{[%emt 00:00:04]} Rc6 {[%clk 00:18:40]} {[%emt 00:00:46]} 26. Qd2 {[%clk
00:38:46]} {[%emt 00:00:55]} Re8 {[%clk 00:16:45]} {[%emt 00:02:25]} 27. Bxe4
{[%clk 00:35:24]} {[%emt 00:03:51]} Nxe4 {[%clk 00:14:36]} {[%emt 00:02:40]} 28.
Qxd5 {[%clk 00:35:50]} {[%emt 00:00:05]} Ng5 {[%clk 00:14:13]} {[%emt
00:00:52]} 29. h4 {[%clk 00:31:04]} {[%emt 00:05:16]} Rd8 {[%clk 00:12:52]}
{[%emt 00:01:51]} 30. Qg2 {[%clk 00:31:06]} {[%emt 00:00:27]} Ne6 {[%clk
00:13:09]} {[%emt 00:00:14]} 31. Rxc6 {[%clk 00:31:23]} {[%emt 00:00:13]} bxc6
{[%clk 00:13:35]} {[%emt 00:00:05]} 32. Bxe5 {[%clk 00:30:44]} {[%emt
00:01:08]} Qxa3 {[%clk 00:13:29]} {[%emt 00:00:36]} 33. Qf3 {[%clk 00:30:22]}
{[%emt 00:00:50]} Kf8 {[%clk 00:06:09]} {[%emt 00:07:52]} 34. Qf6 {[%clk
00:28:35]} {[%emt 00:02:16]} Rd3 {[%clk 00:05:25]} {[%emt 00:01:14]} 35. Qh8+
{[%clk 00:28:51]} {[%emt 00:00:14]} Ke7 {[%clk 00:05:54]} {[%emt 00:00:01]} 36.
Bf6+ {[%clk 00:29:03]} {[%emt 00:00:18]} Kd6 {[%clk 00:05:18]} {[%emt
00:01:07]} 37. Qb8+ {[%clk 00:27:58]} {[%emt 00:01:35]} Kd7 {[%clk 00:05:10]}
{[%emt 00:00:37]} 38. Qb7+ {[%clk 00:28:13]} {[%emt 00:00:15]} Nc7 {[%clk
00:04:27]} {[%emt 00:01:13]} 39. Be5 {[%clk 00:28:34]} {[%emt 00:00:10]} Rd6
{[%clk 00:04:51]} {[%emt 00:00:06]} 40. Bxd6 {[%clk 00:27:13]} {[%emt
00:01:51]} Qxd6 {[%clk 00:05:12]} {[%emt 00:00:08]} 41. Qa7 {[%clk 00:27:01]}
{[%emt 00:00:41]} Qd5 {[%clk 00:03:22]} {[%emt 00:02:21]} 42. Ra1 {[%clk
00:22:50]} {[%emt 00:04:40]} Qxb3 {[%clk 00:02:56]} {[%emt 00:00:57]} 43. Qd4+
{[%clk 00:22:34]} {[%emt 00:00:46]} Nd5 {[%clk 00:01:02]} {[%emt 00:02:24]} 44.
Rxa5 {[%clk 00:22:42]} {[%emt 00:00:22]} f5 {[%clk 00:00:54]} {[%emt 00:00:39]}
45. Qe5 {[%clk 00:16:06]} {[%emt 00:07:05]} Qb1+ {[%clk 00:00:49]} {[%emt
00:00:35]} 46. Kh2 {[%clk 00:14:59]} {[%emt 00:01:36]} Qb6 {[%clk 00:29:39]}
{[%emt 00:01:41]} 47. Qxf5+ {[%clk 00:45:23]} {[%emt 00:00:07]} Kd6 {[%clk
00:29:47]} {[%emt 00:00:22]} 48. Ra8 {[%clk 00:41:15]} {[%emt 00:04:37]} Qd4
{[%clk 00:22:25]} {[%emt 00:07:52]} 49. Qf8+ {[%clk 00:41:08]} {[%emt
00:00:37]} Ke6 {[%clk 00:21:35]} {[%emt 00:01:20]} 50. Re8+ {[%clk 00:34:49]}
{[%emt 00:06:49]} Kd7 {[%clk 00:22:02]} {[%emt 00:00:04]} 51. Rd8+ {[%clk
00:35:10]} {[%emt 00:00:08]} Kc7 {[%clk 00:17:49]} {[%emt 00:04:43]} 52. Rc8+
{[%clk 00:35:17]} {[%emt 00:00:23]} Kb7 {[%clk 00:17:00]} {[%emt 00:01:19]} 53.
Rb8+ {[%clk 00:35:43]} {[%emt 00:00:05]} Ka7 {[%clk 00:17:17]} {[%emt
00:00:12]} 54. Ra8+ {[%clk 00:35:11]} {[%emt 00:01:02]} Kb6 {[%clk 00:17:46]}
{[%emt 00:00:02]} 55. Qb8+ {[%clk 00:35:19]} {[%emt 00:00:21]} Kc5 {[%clk
00:18:15]} {[%emt 00:00:02]} 56. Ra5+ {[%clk 00:35:27]} {[%emt 00:00:21]} Kc4
{[%clk 00:18:43]} {[%emt 00:00:02]} 57. Ra4+ {[%clk 00:35:51]} {[%emt
00:00:06]} 1-0